000 00732nas a2200241 4500
001 BR8306474
003 BR-BrBNA
005 20231205085730.0
007 ta
008 230509b bl.|||p| |||| 00| 00por d
040 _aBR-BrBNA
_bpor
_cBiblioteca Nacional de Agricultura
041 _a(Pt)
072 _aF06; F63
100 1 _aAndrade, G.O. de
245 1 _aCultura de arroz irrigado: sistema de germinacao submersa
650 _aARROZ IRRIGADO
650 _aCULTURA IRRIGADA
650 _aSISTEMA DE CULTIVO
650 _aGERMINACAO
773 0 _tITEM. Irrigacao e Tecnologia Moderna (Brazil)
_xISSN 0102-0536
_g(Dec 1983), (no. 15) p. 22
_wBR8306474
909 _a202311
_bLúcia
_c55
_dLúcia Elande
942 _2AGRIS
_n0
_cANA
999 _c113419
_d113419